Husserliana. Gesammelte Werke
Na minha lista:
| Autor principal: | |
|---|---|
| Formato: | Livro |
| Idioma: | alemão |
| Publicado em: |
La Haya
Martinus Nijhoff
1952
|
| Assuntos: | |
| Tags: |
Adicionar Tag
Sem tags, seja o primeiro a adicionar uma tag!
|
MARC
| LEADER | 00000nam a2200000 a 4500 | ||
|---|---|---|---|
| 001 | UCZ4517 | ||
| 003 | CL-VaPUC | ||
| 008 | 951110e19520000NE |||||||||||||||||ger|d | ||
| 082 | 0 | 4 | |a 142.7 |b HUS |2 21 |
| 100 | |a Husserl, Edmund |e author |9 197 | ||
| 245 | 1 | 0 | |a Husserliana. Gesammelte Werke |
| 300 | |a v | ||
| 942 | |c BK | ||
| 945 | |d 19951110 00:00:00 |a cmena | ||
| 260 | |a La Haya |b Martinus Nijhoff |c 1952 | ||
| 500 | |a v.8 p.2: Theorie der Phänomenologischen Reduktion | ||
| 500 | |a v.4: Ideen zu einer Reinen Phänomenologie und Phänomenologischen Philosophie | ||
| 500 | |a v.5 p.3: Ideen zu einer reinen Phänomenologie und Phänomenologischen Philosophie. Die Phänomenologie und die fundamente der Wissenschaften | ||
| 500 | |a v.7 p.1: Erste philosophie 1923-24. Kritische Ideengeschichte | ||
| 500 | |a v.3 p.1: Ideen zu einer reinen Phänomenologie und Phänomenologischen Philosophie. Allgemeine einführung in die reine Phänomenologie | ||
| 650 | 0 | |a Fenomenología |9 256519 | |
| 650 | 0 | |a Filosofía alemana |9 265002 | |
| 650 | 0 | |a Escuelas filosóficas |9 266232 | |
| 650 | 0 | |a Lógica |9 256849 | |
| 650 | 0 | |a Teoría del conocimiento |9 255038 | |
| 583 | |a last modification |c 19951110 00:00:00 |k Rodrigo Vera | ||
| 999 | |c 240890 |d 240888 | ||
| 952 | |0 0 |1 0 |4 0 |6 142_700000000000000_HUS_1952 |7 0 |8 P |9 252958 |a BIBEDU |b BIBEDU |d 2019-11-19 |h v.8 p.2 |i 2714086 |o 142.7 HUS 1952 |p 2714086 |r 2025-01-22 |w 2019-11-19 |y BK |k FIL | ||
| 952 | |0 0 |1 0 |4 0 |6 142_700000000000000_HUS_1952 |7 0 |8 P |9 252959 |a BIBEDU |b BIBEDU |d 2019-11-19 |h v.4 p.2 |i 2539225 |o 142.7 HUS 1952 |p 2539225 |r 2025-01-22 |w 2019-11-19 |y BK |k FIL | ||
| 952 | |0 0 |1 0 |4 0 |6 142_700000000000000_HUS_1952 |7 0 |8 P |9 252960 |a BIBEDU |b BIBEDU |d 2019-11-19 |h v.5 p.3 |i 2525526 |o 142.7 HUS 1952 |p 2525526 |r 2025-01-22 |w 2019-11-19 |y BK |k FIL | ||
| 952 | |0 0 |1 0 |4 0 |6 142_700000000000000_HUS_1952 |7 0 |8 P |9 252961 |a BIBEDU |b BIBEDU |d 2019-11-19 |h v.7 p.1 |i 2893916 |o 142.7 HUS 1952 |p 2893916 |r 2025-01-22 |w 2019-11-19 |y BK |k FIL | ||
| 952 | |0 0 |1 0 |4 0 |6 142_700000000000000_HUS_1952 |7 0 |8 P |9 252962 |a BIBEDU |b BIBEDU |d 2019-11-19 |h v.3 p.1 |i 265900K |o 142.7 HUS 1952 |p 265900K |r 2025-01-22 |w 2019-11-19 |y BK |k FIL | ||